<?xml version="1.0" encoding="UTF-8"?>
<record
    xmlns:xsi="http://www.w3.org/2001/XMLSchema-instance"
    xsi:schemaLocation="http://www.loc.gov/MARC21/slim http://www.loc.gov/standards/marcxml/schema/MARC21slim.xsd"
    xmlns="http://www.loc.gov/MARC21/slim">

  <leader>02591nam a22003253u 4500</leader>
  <controlfield tag="001">14283658</controlfield>
  <controlfield tag="005">20250828103334.0</controlfield>
  <controlfield tag="006">m        d        </controlfield>
  <controlfield tag="007">cr  n         </controlfield>
  <controlfield tag="008">250820s2025    ||||||||o|||||||| ||||| d</controlfield>
  <datafield tag="020" ind1=" " ind2=" ">
    <subfield code="a">9781350544048</subfield>
  </datafield>
  <datafield tag="035" ind1=" " ind2=" ">
    <subfield code="a">(WaSeSS)ssib060623231</subfield>
  </datafield>
  <datafield tag="040" ind1=" " ind2=" ">
    <subfield code="a">WaSeSS</subfield>
    <subfield code="c">WaSeSS</subfield>
    <subfield code="d">WaSeSS</subfield>
  </datafield>
  <datafield tag="041" ind1=" " ind2=" ">
    <subfield code="a">English</subfield>
  </datafield>
  <datafield tag="100" ind1=" " ind2=" ">
    <subfield code="a">Zhang, Gaoheng </subfield>
    <subfield code="9">25829</subfield>
  </datafield>
  <datafield tag="245" ind1="1" ind2="0">
    <subfield code="a">Fashion Communications Between Italy and China</subfield>
    <subfield code="b">: Unfolding a Sartorial Relationship </subfield>
    <subfield code="c">/ Gaoheng Zhang </subfield>
  </datafield>
  <datafield tag="260" ind1=" " ind2=" ">
    <subfield code="a">[S.l.] :</subfield>
    <subfield code="b">Bloomsbury UK,</subfield>
    <subfield code="c">2025.</subfield>
  </datafield>
  <datafield tag="505" ind1=" " ind2=" ">
    <subfield code="a">Introduction: Fashion Cultures on the Move &#x2014; Italian Fashion Made For and Through China: Transcultural Fashion Communications &#x2014; Beyond Sprezzatura: Popular Culture Translates Italian Ready-to-Wear in China &#x2014; "Insulting China"?: Dolce &amp; Gabbana's 2018 Advertising Campaign in Shanghai &#x2014; Fabricating Friction: Critiques of Prato's Chinese-Managed Fast Fashion &#x2014; Conviviality in Sociality: Made in Italy by Chinese and Italian Hands, Prato Style.</subfield>
  </datafield>
  <datafield tag="520" ind1=" " ind2=" ">
    <subfield code="a">In this in-depth study, author Gaoheng Zhang analyses the relationship between the Italian ready-to-wear fashion industry and the Chinese fast fashion industry, focussing on the 2000s and 2010s.

Looking first at the communication of Italian fashion in China before examining the impact of Chinese migrants and Chinese fashion on the Italian fashion industry, the author unpacks perceived tensions between &#x201C;made in China&#x201D; fast fashion and &#x201C;made in Italy&#x201D; ready-to-wear that is viewed as &#x201C;slow&#x201D; fashion. In doing so, Zhang exposes the nuances, controversies and ambivalences of Italy's and China's intertwined fashion systems, revealing not only the competition between these two countries, but also their collaboration.

Applying the lenses of communication, cultural and fashion studies to this analysis, Fashion Communications Between Italy and China reflects on global fashion industries more generally and related topics such as globalized fashion-making, fashion-facilitated transcultural identity construction, and fashion-led negotiation of national economic issues.</subfield>
  </datafield>
  <datafield tag="650" ind1=" " ind2="0">
    <subfield code="a">Fashion</subfield>
    <subfield code="z">Italy</subfield>
  </datafield>
  <datafield tag="650" ind1=" " ind2="0">
    <subfield code="a"> Clothing trade</subfield>
    <subfield code="z">Italy</subfield>
  </datafield>
  <datafield tag="650" ind1=" " ind2="0">
    <subfield code="a"> Clothing trade</subfield>
    <subfield code="z">China</subfield>
  </datafield>
  <datafield tag="650" ind1=" " ind2="0">
    <subfield code="a">Fashion</subfield>
    <subfield code="z">China</subfield>
  </datafield>
  <datafield tag="650" ind1=" " ind2="0">
    <subfield code="a">Fashion merchandising</subfield>
    <subfield code="v">Cross-cultural studies.</subfield>
  </datafield>
  <datafield tag="650" ind1=" " ind2="0">
    <subfield code="a">Communication in marketing</subfield>
    <subfield code="2">Fashion -- Cross-cultural studies.</subfield>
    <subfield code="9">2094</subfield>
  </datafield>
  <datafield tag="650" ind1=" " ind2="0">
    <subfield code="a">Globalization</subfield>
    <subfield code="9">2394</subfield>
  </datafield>
  <datafield tag="650" ind1=" " ind2="0">
    <subfield code="a">Transnationalism in fashion</subfield>
    <subfield code="2">Social aspects.</subfield>
    <subfield code="9">25830</subfield>
  </datafield>
  <datafield tag="710" ind1="2" ind2=" ">
    <subfield code="a">Bloomsbury Collections: All Titles</subfield>
  </datafield>
  <datafield tag="942" ind1=" " ind2=" ">
    <subfield code="2">lcc</subfield>
  </datafield>
  <datafield tag="952" ind1=" " ind2=" ">
    <subfield code="0">0</subfield>
    <subfield code="1">0</subfield>
    <subfield code="2">lcc</subfield>
    <subfield code="4">0</subfield>
    <subfield code="7">0</subfield>
    <subfield code="a">TBS</subfield>
    <subfield code="b">TBS</subfield>
    <subfield code="d">2025-08-28</subfield>
    <subfield code="l">0</subfield>
    <subfield code="o">GT522 ZHA</subfield>
    <subfield code="p">B05606</subfield>
    <subfield code="r">2025-08-28</subfield>
    <subfield code="t">1</subfield>
    <subfield code="w">2025-08-28</subfield>
    <subfield code="y">1</subfield>
  </datafield>
  <datafield tag="999" ind1=" " ind2=" ">
    <subfield code="c">4897</subfield>
    <subfield code="d">4897</subfield>
  </datafield>
</record>
